02368nkc a2200361za 450000100060000000300040000600500170001000700070002700800410003404000240007510000410009924500350014026000240017530001000019950002670029950001920056650000650075850001340082350001690095750400520112650500350117851001510121356101300136461000490149465100260154365500400156970000600160985200120166985601500168194200250183195201330185699900170198984470OSt20260318164213.0kh boc250410s19101911sp ||||| ||||||0| i|spa d aM-RABAbspacM-RABA1 aElorza, Lorenzod(1861-1931)911106810aHueto Abajob: Puertac/ L. E. c[ca. 1910 – 1911] a1 fotografíab: gelatina de platac; imagen 12 x 16,5 cmc; soporte secundario 21,5 x 26,5 cm aVista de la portada de la iglesia parroquial de San Vicente en Hueto Abajo, compuesta por un arco apuntado con cinco arquivoltas de baquetones múltiples muy pronunciados y carentes de decoración, apeados en cinco columnas a cada lado con capiteles decorados. aFotografía montada sobre soporte secundario de cartulina azul enmarcada con orla en relieve. Título y numeración manuscrita que hace referencia a la posición en la serie “88”. aSello con monograma del fotógrafo en tinta roja “L.E.” aFechas tomadas de la ejecución del positivo de las fotografías, incluido el soporte secundario. (Soto Madrazo, Javier. 2008). aForma parte de un conjunto de 167 fotografías empleadas por Federico Baráibar Zumárraga para la elaboración del Inventario del Románico en Álava (1911). aBaraibar, F.: "Rincones artísticos", M. 1914. aHueto abajo.- Puerta. / L. E.  aDescripción tomada de: Soto Madrazo, Javier (2008). Federico Baraibar y el Inventario del Románico en Álava: una caja con 167 fotografías. aDonadas junto con la memoria manuscrita a la Academia por el mismo Baraibar (Sesión 12 de febrero de 1912, Archivo: 4-32-1)24aIglesia de San Vicente (Hueto Abajo)9111623 7aÁlava2embne975661 0aFotografías de monumentos91115801 aBaráibar y Zumárraga, Federico d(1851-1918)912926 jFot-197 3Fot-197uhttps://archivoybiblioteca.realacademiabellasartessanfernando.com/cgi-bin/koha/opac-retrieve-file.pl?id=acda347d5ad5e28114d7ac757edaffb5 2ddccFOTOGRAFÍAn0 00102ddc40708FOTOGRAFIAaRABASFbRABASFcDP2d2025-04-10l0oFot-197p1095346r2025-04-10 13:13:53w2025-04-10yFOTOGRAFÍA c84470d84470